[Event "Verbandsliga Suedbaden 2223"]
[Site "Germany"]
[Date "2023.02.12"]
[Round "6.5"]
[White "Toedter, Carsten"]
[Black "Kick, Joachim"]
[Result "1/2-1/2"]
[WhiteElo "1953"]
[BlackElo "2124"]
[PlyCount "44"]
[EventDate "2022.09.25"]
[EventType "team-tourn"]
[EventRounds "9"]
[EventCountry "GER"]
[SourceTitle "EXT 2024"]
[Source "ChessBase"]
[SourceDate "2023.10.10"]
[SourceVersion "1"]
[SourceVersionDate "2023.10.10"]
[SourceQuality "1"]
[WhiteTeam "Dreilaendereck"]
[BlackTeam "Kuppenheim"]
[WhiteTeamCountry "GER"]
[BlackTeamCountry "GER"]

1. d4 d5 2. c4 c6 3. Nf3 Nf6 4. g3 Bf5 5. Bg2 e6 6. 0-0 h6 7. Qb3 Qb6 8. c5 Qxb3 9. axb3 Be7 10. Ne5 0-0 11. b4 Nbd7 12. f4 Nxe5 13. fxe5 Ne4 14. Nd2 Nxd2 15. Bxd2 a6 16. h3 g5 17. g4 Bg6 18. Bc3 Rad8 19. Rad1 f6 20. e3 fxe5 21. dxe5 Rxf1+ 22. Kxf1 Bc2 1/2-1/2

[Event "Bayern-chI Bank Hofmann 25th"]
[Site "Tegernsee"]
[Date "2022.11.13"]
[Round "9"]
[White "Heinemann, Josefine"]
[Black "Kick, Joachim"]
[Result "1-0"]
[WhiteElo "2316"]
[BlackElo "2124"]
[PlyCount "69"]
[EventDate "2022.11.05"]
[EventType "swiss"]
[EventRounds "9"]
[EventCountry "GER"]
[SourceTitle "CBM 211 Extra"]
[Source "ChessBase"]
[SourceDate "2023.01.31"]
[SourceVersion "1"]
[SourceVersionDate "2023.01.31"]
[SourceQuality "1"]

1. e4 e5 2. Nf3 Nc6 3. Bc4 Nf6 4. d3 Be7 5. 0-0 0-0 6. Nc3 d6 7. a4 Bg4 8. h3 Bh5 9. Be3 Qd7 10. Nd5 Bd8 11. c3 Nxd5 12. Bxd5 Qc8 13. a5 a6 14. b4 Ne7 15. Ba2 c6 16. g4 Bg6 17. Nh4 d5 18. Qf3 Qd7 19. Bc5 Bc7 20. Nxg6 fxg6 21. Qg2 Rad8 22. Bxe7 Qxe7 23. exd5 cxd5 24. Bxd5+ Kh8 25. Bxb7 Rxd3 26. b5 Qc5 27. b6 Bb8 28. Be4 Rxc3 29. Rfd1 Ra3 30. Rxa3 Qxa3 31. Rd5 Qc1+ 32. Qf1 Qf4 33. Qe2 h5 34. Kg2 h4 35. Qf3 1-0

[Event "Bayern-chI Bank Hofmann 25th"]
[Site "Tegernsee"]
[Date "2022.11.12"]
[Round "8"]
[White "Kick, Joachim"]
[Black "Soham, Das1111"]
[Result "0-1"]
[WhiteElo "2124"]
[BlackElo "2343"]
[PlyCount "48"]
[EventDate "2022.11.05"]
[EventType "swiss"]
[EventRounds "9"]
[EventCountry "GER"]
[SourceTitle "CBM 211 Extra"]
[Source "ChessBase"]
[SourceDate "2023.01.31"]
[SourceVersion "1"]
[SourceVersionDate "2023.01.31"]
[SourceQuality "1"]

1. Nf3 d5 2. d4 Nf6 3. c4 e6 4. Nc3 a6 5. c5 b6 6. cxb6 c5 7. Bf4 Bd6 8. Bxd6 Qxd6 9. e3 0-0 10. Bd3 Nbd7 11. 0-0 Bb7 12. Rc1 Rfc8 13. Qe2 Ne4 14. Bxe4 dxe4 15. Nd2 cxd4 16. exd4 Qc6 17. Qxe4 Qxb6 18. Qb1 Qxd4 19. Rfd1 Qg4 20. f3 Qf4 21. Nde4 Ne5 22. Rf1 f5 23. Ng3 Qe3+ 24. Rf2 Nd3 0-1

[Event "Bayern-chI Bank Hofmann 25th"]
[Site "Tegernsee"]
[Date "2022.11.11"]
[Round "7"]
[White "Kick, Joachim"]
[Black "Mikrut, Dariusz"]
[Result "1-0"]
[WhiteElo "2124"]
[BlackElo "2317"]
[PlyCount "89"]
[EventDate "2022.11.05"]
[EventType "swiss"]
[EventRounds "9"]
[EventCountry "GER"]
[SourceTitle "CBM 211 Extra"]
[Source "ChessBase"]
[SourceDate "2023.01.31"]
[SourceVersion "1"]
[SourceVersionDate "2023.01.31"]
[SourceQuality "1"]

1. Nf3 c5 2. c4 g6 3. d4 Bg7 4. e4 d6 5. Be2 Bg4 6. d5 e6 7. 0-0 exd5 8. exd5 Ne7 9. Nc3 0-0 10. Bf4 Bxf3 11. Bxf3 h6 12. h3 g5 13. Bh2 Ng6 14. Qd2 Be5 15. g3 Nd7 16. Bg4 Nb6 17. b3 f5 18. Bh5 Qf6 19. Rac1 a6 20. Kh1 Rae8 21. Ne2 Nd7 22. f4 Bb2 23. Rb1 Ba3 24. Qd3 Kh7 25. g4 Nh4 26. Bxe8 Rxe8 27. Ng3 gxf4 28. Rxf4 Ne5 29. Qc2 Neg6 30. Rff1 Re3 31. gxf5 Ne5 32. Nh5 Qg5 33. f6+ Kh8 34. Bxe5 Qxe5 35. Nf4 Qxf6 36. Qf2 Nf5 37. Rg1 Kh7 38. Rbe1 Rxe1 39. Rxe1 Bb2 40. Re6 Qc3 41. Qg2 Qc1+ 42. Qg1 Ng3+ 43. Kh2 Qxf4 44. Qxg3 Qd2+ 45. Kh1 1-0

[Event "Verbandsliga Suedbaden 2223"]
[Site "Germany"]
[Date "2022.10.16"]
[Round "2.6"]
[White "Fernandez Aguado, Juan Luis"]
[Black "Kick, Joachim"]
[Result "0-1"]
[WhiteElo "2206"]
[BlackElo "2124"]
[PlyCount "84"]
[EventDate "2022.09.25"]
[EventType "team-tourn"]
[EventRounds "9"]
[EventCountry "GER"]
[SourceTitle "EXT 2024"]
[Source "ChessBase"]
[SourceDate "2023.10.10"]
[SourceVersion "1"]
[SourceVersionDate "2023.10.10"]
[SourceQuality "1"]
[WhiteTeam "Wiehre"]
[BlackTeam "Kuppenheim"]
[WhiteTeamCountry "GER"]
[BlackTeamCountry "GER"]

1. c4 e5 2. Nc3 Nf6 3. Nf3 Nc6 4. e3 Bb4 5. Qc2 Bxc3 6. Qxc3 Qe7 7. d4 exd4 8. Nxd4 Nxd4 9. Qxd4 c5 10. Qd3 0-0 11. Be2 d5 12. cxd5 Rd8 13. Qc2 Nxd5 14. a3 g6 15. e4 Nc7 16. Be3 Ne6 17. Rd1 Rxd1+ 18. Qxd1 b6 19. 0-0 Bb7 20. Qa4 a5 21. Rd1 Rd8 22. Rxd8+ Qxd8 23. f3 Qd6 24. Qd1 Nd4 25. Bxd4 cxd4 26. Qd2 Qc5 27. Bd3 h5 28. h4 Qe5 29. Qg5 Qe6 30. Qb5 Qf6 31. Qg5 Qe6 32. Kf2 Kg7 33. Qb5 Bc8 34. Bc4 Qf6 35. Qg5 Qc6 36. Qe5+ Qf6 37. Qxf6+ Kxf6 38. Ke2 Be6 39. Kd3 Bxc4+ 40. Kxc4 Ke5 41. g3 f5 42. Kd3 fxe4+ 0-1

[Event "Oberliga Baden 2122"]
[Site "Germany"]
[Date "2022.06.18"]
[Round "6.8"]
[White "Raps, Johannes"]
[Black "Kick, Joachim"]
[Result "1/2-1/2"]
[WhiteElo "2109"]
[BlackElo "2105"]
[PlyCount "39"]
[EventDate "2021.10.10"]
[EventType "team-tourn"]
[EventRounds "11"]
[EventCountry "GER"]
[SourceTitle "EXT 2023"]
[Source "ChessBase"]
[SourceDate "2022.10.05"]
[SourceVersion "1"]
[SourceVersionDate "2022.10.05"]
[SourceQuality "1"]
[WhiteTeam "Bad Mergentheim"]
[BlackTeam "Kuppenheim"]
[WhiteTeamCountry "GER"]
[BlackTeamCountry "GER"]

1. d4 d5 2. Nf3 Nf6 3. e3 c5 4. Be2 Bf5 5. 0-0 Nc6 6. b3 cxd4 7. Nxd4 Nxd4 8. Qxd4 g6 9. Bb2 Bg7 10. Qa4+ Bd7 11. Qh4 0-0 12. Rd1 Qc7 13. Na3 b5 14. Bxb5 Bxb5 15. Nxb5 Qxc2 16. Bd4 a5 17. Nc3 Rfc8 18. Rac1 Qf5 19. Na4 Rxc1 20. Rxc1 1/2-1/2

[Event "Verbandsliga Suedbaden 1819"]
[Site "Baden"]
[Date "2019.05.05"]
[Round "9.6"]
[White "Ehret, Thomas"]
[Black "Kick, Joachim"]
[Result "1-0"]
[WhiteElo "2067"]
[BlackElo "2116"]
[PlyCount "57"]
[EventDate "2018.10.14"]
[EventType "team-tourn"]
[EventRounds "9"]
[EventCountry "GER"]
[SourceTitle "EXT 2020"]
[Source "ChessBase"]
[SourceDate "2019.10.17"]
[SourceVersion "1"]
[SourceVersionDate "2019.10.17"]
[SourceQuality "1"]
[WhiteTeam "Emmendingen II"]
[BlackTeam "Kuppenheim"]
[WhiteTeamCountry "GER"]
[BlackTeamCountry "GER"]

1. e4 e5 2. Nf3 Nc6 3. Bc4 Nf6 4. d3 Be7 5. 0-0 0-0 6. a4 d5 7. exd5 Nxd5 8. h3 Nb6 9. Bb5 Nd4 10. Nxe5 a6 11. Bc4 Nxc4 12. Nxc4 Bf5 13. Nc3 b5 14. Ne3 Be6 15. Bd2 Qd7 16. Ne2 f5 17. Nxd4 Qxd4 18. Bc3 Qd7 19. f4 Rad8 20. axb5 axb5 21. Qd2 c5 22. Be5 Bd6 23. Bxd6 Qxd6 24. Rad1 b4 25. b3 Qd4 26. Kh2 Rf7 27. Ra1 c4 28. bxc4 Bxc4 29. Qxb4 1-0

[Event "Bayern-chI Bank Hofmann 22nd"]
[Site "Tegernsee"]
[Date "2018.11.04"]
[Round "9"]
[White "Kutzner, Stephen"]
[Black "Kick, Joachim"]
[Result "1/2-1/2"]
[WhiteElo "2205"]
[BlackElo "2070"]
[PlyCount "64"]
[EventDate "2018.10.27"]
[EventType "swiss"]
[EventRounds "9"]
[EventCountry "GER"]
[SourceTitle "CBM 187 Extra"]
[Source "ChessBase"]
[SourceDate "2018.11.04"]
[SourceVersion "1"]
[SourceVersionDate "2018.11.04"]
[SourceQuality "1"]

1. e4 e5 2. Nf3 Nc6 3. Bb5 a6 4. Ba4 Nf6 5. 0-0 Be7 6. Re1 b5 7. Bb3 0-0 8. h3 Bb7 9. d3 d5 10. exd5 Nxd5 11. Nxe5 Nxe5 12. Rxe5 Qd6 13. Re1 Rae8 14. Nd2 c5 15. Ne4 Qc6 16. c4 Nb6 17. cxb5 axb5 18. a4 bxa4 19. Bxa4 Nxa4 20. Qxa4 Qd5 21. Qa2 Qxd3 22. Nc3 Bf6 23. Be3 Bxc3 24. bxc3 Qg6 25. f3 Bxf3 26. Qf2 Bd5 27. Bxc5 Rxe1+ 28. Rxe1 Rc8 29. Bd4 h6 30. Kh2 Ra8 31. Re2 Kh7 32. Qg3 Ra2 1/2-1/2

[Event "Bayern-chI Bank Hofmann 22nd"]
[Site "Tegernsee"]
[Date "2018.11.03"]
[Round "8"]
[White "Kick, Joachim"]
[Black "Heimrath, Reiner"]
[Result "1/2-1/2"]
[WhiteElo "2070"]
[BlackElo "2262"]
[PlyCount "245"]
[EventDate "2018.10.27"]
[EventType "swiss"]
[EventRounds "9"]
[EventCountry "GER"]
[SourceTitle "CBM 187 Extra"]
[Source "ChessBase"]
[SourceDate "2018.11.04"]
[SourceVersion "1"]
[SourceVersionDate "2018.11.04"]
[SourceQuality "1"]

1. Nf3 Nf6 2. c4 g6 3. g3 Bg7 4. Bg2 0-0 5. d4 d6 6. 0-0 Nc6 7. Nc3 a6 8. Qd3 Bd7 9. d5 Na7 10. a4 c6 11. Be3 Bf5 12. Qd2 Re8 13. Bxa7 Rxa7 14. dxc6 Ne4 15. Nxe4 Bxe4 16. cxb7 Rxb7 17. Nd4 Bxg2 18. Kxg2 Qb6 19. e3 Rc8 20. a5 Qxb2 21. Qd3 Bxd4 22. Rab1 Bf6 23. Rxb2 Rxb2 24. Rb1 Ra2 25. Qd5 Kg7 26. Qb7 Rxc4 27. Qxa6 Rcc2 28. Rf1 Rc5 29. Qd3 Raxa5 30. Qd2 Rab5 31. Rc1 Rd5 32. Qa2 Ra5 33. Qe2 Rdb5 34. h4 h5 35. Rc2 Rb1 36. Ra2 Rd5 37. Qc4 Rc5 38. Qa4 Rcb5 39. Qc4 R1b4 40. Qc8 Rb8 41. Qc6 R4b6 42. Qc4 R6b7 43. Qc6 Rb6 44. Qc4 Rd8 45. Qc7 Rbb8 46. Rd2 Rdc8 47. Qa7 Rb5 48. Qa6 Rcc5 49. Qa8 Ra5 50. Qe8 d5 51. Qd7 e6 52. Qd6 Rc4 53. Qb6 Ra8 54. Qb7 Rac8 55. Ra2 R4c7 56. Qb6 Rc6 57. Qb7 R8c7 58. Qb8 Rc8 59. Qb7 R6c7 60. Qb6 e5 61. Ra7 Rxa7 62. Qxa7 Rd8 63. Qa6 d4 64. exd4 exd4 65. Qd3 Kg8 66. Qa6 Kg7 67. Qd3 Rd6 68. Kf1 Re6 69. Kg2 Kh7 70. Qa3 Bg7 71. Kf3 Rc6 72. Ke2 Rc2+ 73. Ke1 f5 74. Qd6 Rc8 75. Qd7 Rf8 76. Kd2 f4 77. g4 hxg4 78. Qxg4 Rf5 79. Kd3 Bf6 80. h5 Rxh5 81. Qxf4 Rf5 82. Qh2+ Rh5 83. Qf4 Rh3+ 84. Kd2 Bg7 85. Qf7 Rc3 86. Ke2 Rc5 87. Qd7 Re5+ 88. Kd2 Rf5 89. Ke2 Kh6 90. Qd8 Bf6 91. Qd6 Bh4 92. f3 Bf6 93. Qh2+ Kg7 94. Qc7+ Kg8 95. Qc8+ Kh7 96. Qc7+ Bg7 97. Qh2+ Rh5 98. Qc7 Re5+ 99. Kd2 Re3 100. f4 Rf3 101. Ke2 Rh3 102. Qd7 Re3+ 103. Kd2 Kh6 104. f5 gxf5 105. Qxf5 Rg3 106. Qf4+ Rg5 107. Qh4+ Kg6 108. Qe4+ Kf7 109. Qb7+ Ke6 110. Qc6+ Ke5 111. Qe8+ Kf4 112. Qf7+ Kg4 113. Qd7+ Kg3 114. Qe7 Rg4 115. Qe6 Kh4 116. Ke2 Kh5 117. Kf3 Rg5 118. Qh3+ Kg6 119. Qe6+ Bf6 120. Kf4 Kg7 121. Qd7+ Kf8 122. Qxd4 Bxd4 123. Kxg5 1/2-1/2

[Event "Verbandsliga Suedbaden 1718"]
[Site "Baden"]
[Date "2018.04.22"]
[Round "8.8"]
[White "Kick, Joachim"]
[Black "Wernet, Andreas"]
[Result "1/2-1/2"]
[WhiteElo "2070"]
[BlackElo "2016"]
[PlyCount "96"]
[EventDate "2017.10.08"]
[EventType "team-tourn"]
[EventRounds "9"]
[EventCountry "GER"]
[SourceTitle "EXT 2019"]
[Source "ChessBase"]
[SourceDate "2018.10.10"]
[SourceVersion "1"]
[SourceVersionDate "2018.10.10"]
[SourceQuality "1"]
[WhiteTeam "Kuppenheim"]
[BlackTeam "Oberwinden"]
[WhiteTeamCountry "GER"]
[BlackTeamCountry "GER"]

1. Nf3 f5 2. d3 d5 3. c4 c6 4. g3 e6 5. Bg2 Nf6 6. 0-0 Be7 7. Nc3 0-0 8. e4 d4 9. Ne2 c5 10. exf5 exf5 11. Nf4 Bd6 12. Re1 Re8 13. Bd2 Nc6 14. a3 a5 15. Rxe8+ Qxe8 16. Qf1 Bd7 17. Re1 Qc8 18. h4 Qc7 19. Ng5 h6 20. Nd5 Qd8 21. Ne6 Bxe6 22. Rxe6 Kf7 23. Qe2 Ng4 24. Bh3 Qd7 25. Rxd6 Qxd6 26. Bxg4 fxg4 27. Qxg4 Re8 28. Bf4 Qe6 29. Qh5+ Qg6 30. Qf3 Kg8 31. Kg2 Qf7 32. Qg4 Ne5 33. Bxe5 Rxe5 34. Nf4 Rf5 35. h5 b6 36. Kg1 Rg5 37. Qf3 Qf5 38. Kg2 Kh7 39. a4 Qd7 40. Qe4+ Qf5 41. Qf3 Rg4 42. b3 Rg5 43. Kf1 Qf6 44. Qe4+ Kg8 45. Qe8+ Kh7 46. Ng6 Rxg6 47. hxg6+ Qxg6 48. Qe2 Qf6 1/2-1/2

[Event "Verbandsliga Suedbaden 1617"]
[Site "Baden"]
[Date "2017.01.29"]
[Round "5.7"]
[White "Kick, Joachim"]
[Black "Schuler, Klaus"]
[Result "0-1"]
[WhiteElo "2111"]
[BlackElo "2196"]
[PlyCount "80"]
[EventDate "2016.10.09"]
[EventType "team-tourn"]
[EventRounds "9"]
[EventCountry "GER"]
[SourceTitle "EXT 2022"]
[Source "ChessBase"]
[SourceDate "2021.10.06"]
[SourceVersion "1"]
[SourceVersionDate "2021.10.06"]
[SourceQuality "1"]
[WhiteTeam "Kuppenheim"]
[BlackTeam "Lahr"]
[WhiteTeamCountry "GER"]
[BlackTeamCountry "GER"]

1. Nf3 d5 2. d4 Nf6 3. c4 e6 4. Nc3 Be7 5. Bg5 0-0 6. e3 Nbd7 7. Rc1 a6 8. c5 c6 9. Bd3 b6 10. cxb6 Qxb6 11. 0-0 h6 12. Na4 Qc7 13. Bf4 Bd6 14. Bxd6 Qxd6 15. Qc2 Bb7 16. Qc3 a5 17. Ne5 Rfc8 18. Nc5 Nxc5 19. Qxc5 Qc7 20. Rc3 Ba6 21. Nxc6 Qxc6 22. Qxc6 Rxc6 23. Rxc6 Bxd3 24. Rfc1 a4 25. Rc8+ Rxc8 26. Rxc8+ Kh7 27. b4 Ne4 28. f3 Nd6 29. Rc6 Nb5 30. Ra6 a3 31. Ra5 Kg6 32. Kf2 Kf6 33. Ke1 Ke7 34. Kd2 Bc4 35. Kc2 f6 36. Rxb5 Bxb5 37. Kb3 Kd6 38. Kxa3 Kc6 39. Kb2 Bf1 40. g3 Kb5 0-1

[Event "Oberliga Baden 1314"]
[Site "Germany"]
[Date "2013.11.24"]
[Round "3.6"]
[White "Kick, Joachim"]
[Black "Schmidt, Jessica"]
[Result "1/2-1/2"]
[WhiteElo "2171"]
[BlackElo "2276"]
[PlyCount "62"]
[EventDate "2013.10.13"]
[EventType "team-tourn"]
[EventRounds "9"]
[EventCountry "GER"]
[SourceTitle "EXT 2015"]
[Source "ChessBase"]
[SourceDate "2014.11.20"]
[SourceVersion "1"]
[SourceVersionDate "2014.11.20"]
[SourceQuality "1"]
[WhiteTeam "Kuppenheim"]
[BlackTeam "Karlsruhe"]
[WhiteTeamCountry "GER"]
[BlackTeamCountry "GER"]

1. Nf3 d5 2. d4 c6 3. c4 a6 4. a4 Nf6 5. Nc3 g6 6. Bf4 Bg7 7. e3 0-0 8. h3 Nbd7 9. cxd5 Nxd5 10. Nxd5 cxd5 11. Bd3 Qa5+ 12. Qd2 Qxd2+ 13. Kxd2 Nb8 14. b4 Nc6 15. Rab1 Bf5 16. Bxf5 gxf5 17. Rhc1 Rfc8 18. Ne1 Bf8 19. Nd3 e6 20. Ke2 b6 21. g4 fxg4 22. Rg1 f6 23. hxg4 Ne7 24. g5 f5 25. Ne5 Ng6 26. Bg3 Rc2+ 27. Kf3 Bg7 28. Nxg6 hxg6 29. Rgc1 Rac8 30. Rxc2 Rxc2 31. Bd6 Rc4 1/2-1/2

[Event "Oberliga Baden 1213"]
[Site "Baden"]
[Date "2013.02.03"]
[Round "6.8"]
[White "Kick, Joachim"]
[Black "Nabavi, Parwis"]
[Result "1-0"]
[WhiteElo "2165"]
[BlackElo "2157"]
[PlyCount "139"]
[EventDate "2012.10.14"]
[EventType "team-tourn"]
[EventRounds "9"]
[EventCountry "GER"]
[SourceTitle "EXT 2014"]
[Source "ChessBase"]
[SourceDate "2013.11.20"]
[SourceVersion "1"]
[SourceVersionDate "2013.11.20"]
[SourceQuality "1"]
[WhiteTeam "Kuppenheim"]
[BlackTeam "Dreisamtal"]
[WhiteTeamCountry "GER"]
[BlackTeamCountry "GER"]

1. Nf3 d5 2. d4 Nf6 3. c4 e6 4. Nc3 Be7 5. Bg5 h6 6. Bh4 0-0 7. e3 b6 8. Be2 Bb7 9. Bxf6 Bxf6 10. cxd5 exd5 11. b4 c6 12. 0-0 Re8 13. Qb3 a5 14. bxa5 Rxa5 15. a4 Nd7 16. Rab1 Ba6 17. Bxa6 Rxa6 18. Rfd1 Re6 19. Qc2 Qa8 20. Ne1 Be7 21. Nd3 Bd6 22. Nb4 Ra7 23. Qb3 Nf6 24. Rdc1 Re8 25. Nxc6 Qxc6 26. Nb5 Qd7 27. Nxa7 Qxa7 28. Qxb6 Qd7 29. Qc6 Qe6 30. Rb6 Rd8 31. a5 Ng4 32. h3 Nxe3 33. Re1 Bh2+ 34. Kh1 Qxc6 35. Rxc6 Nc4 36. Kxh2 Nxa5 37. Rb6 Nc4 38. Rb5 Rd7 39. Re8+ Kh7 40. Rc8 Nd2 41. Rcc5 Re7 42. Rxd5 Nf1+ 43. Kg1 Re1 44. f3 Ra1 45. Kf2 Nd2 46. Rb7 Ra2 47. g4 Ne4+ 48. Ke3 Ng5 49. Rxg5 hxg5 50. Rxf7 Rh2 51. Rf5 Rxh3 52. Rxg5 g6 53. Ra5 Kg7 54. Kf4 Kf7 55. Ra3 Kf6 56. d5 g5+ 57. Ke4 Rg3 58. Rd3 Rg1 59. Kd4 Ra1 60. Re3 Rd1+ 61. Kc5 Rd2 62. Kc6 Kf7 63. d6 Rd1 64. Kd7 Rd2 65. Re5 Kf6 66. Rf5+ Kg6 67. Kc7 Rc2+ 68. Kd8 Rd2 69. d7 Rd3 70. Kc7 1-0

[Event "Bayern-chI Bank Hofmann 16th"]
[Site "Bad Wiessee"]
[Date "2012.10.31"]
[Round "5"]
[White "Hoffmann, Michael"]
[Black "Kick, Joachim"]
[Result "1-0"]
[WhiteElo "2474"]
[BlackElo "2169"]
[PlyCount "151"]
[EventDate "2012.10.27"]
[EventType "swiss"]
[EventRounds "9"]
[EventCountry "GER"]
[SourceTitle "EXT 2013"]
[Source "ChessBase"]
[SourceDate "2012.11.22"]
[SourceVersion "1"]
[SourceVersionDate "2012.11.22"]
[SourceQuality "1"]

1. d4 d5 2. c4 c6 3. Nf3 Nf6 4. Nc3 e6 5. Bg5 Nbd7 6. e3 Qa5 7. cxd5 Nxd5 8. Qd2 Bb4 9. Rc1 h6 10. Bh4 c5 11. Bc4 cxd4 12. Qxd4 0-0 13. Bxd5 exd5 14. 0-0 Nb6 15. a3 Bxc3 16. Rxc3 Be6 17. Bg3 Rfc8 18. Bc7 Qb5 19. Bxb6 Qxb6 20. Qxb6 axb6 21. Rb3 d4 22. Rxb6 Bc4 23. Re1 dxe3 24. Rxe3 Ba6 25. h3 Rc2 26. b4 Rb2 27. Rd6 Bc4 28. Nd2 Be6 29. Ne4 b5 30. Rd2 Rb1+ 31. Kh2 Ra1 32. Nd6 R8xa3 33. Rxa3 Rxa3 34. Nxb5 Rb3 35. Rd8+ Kh7 36. Rd4 h5 37. Nc7 g5 38. f3 h4 39. Nxe6 fxe6 40. Rg4 Kh6 41. Kg1 Rb2 42. Kf1 e5 43. Ke1 e4 44. Rxe4 Rxg2 45. b5 Rb2 46. Re6+ Kg7 47. b6 Kf7 48. Rh6 Ke7 49. Rg6 Kd7 50. Rxg5 Rxb6 51. Rg4 Rb2 52. Rxh4 Ke6 53. Re4+ Kf5 54. Re2 Rb4 55. Kf2 Kf4 56. h4 Ra4 57. Kg2 Rb4 58. Re8 Rb2+ 59. Kh3 Kxf3 60. Rf8+ Ke4 61. h5 Rb1 62. Kg4 Rg1+ 63. Kh4 Ke5 64. h6 Rh1+ 65. Kg5 Rg1+ 66. Kh5 Rh1+ 67. Kg6 Rg1+ 68. Kf7 Rf1+ 69. Ke7 Ra1 70. Rf2 Rh1 71. Rf6 Rh2 72. Kf7 Rh1 73. Kg7 Rg1+ 74. Rg6 Ra1 75. h7 Ra7+ 76. Kh6 1-0

[Event "Oberliga Baden 1112"]
[Site "Germany"]
[Date "2012.03.18"]
[Round "8.6"]
[White "Meyer, Peter1111"]
[Black "Kick, Joachim"]
[Result "1/2-1/2"]
[WhiteElo "2118"]
[BlackElo "2152"]
[PlyCount "24"]
[EventDate "2011.10.02"]
[EventType "team-tourn"]
[EventRounds "9"]
[EventCountry "GER"]
[SourceTitle "EXT 2013"]
[Source "ChessBase"]
[SourceDate "2012.11.22"]
[SourceVersion "1"]
[SourceVersionDate "2012.11.22"]
[SourceQuality "1"]
[WhiteTeam "Oberwinden"]
[BlackTeam "Kuppenheim"]
[WhiteTeamCountry "GER"]
[BlackTeamCountry "GER"]

1. d4 d5 2. Nf3 Nf6 3. e3 Bf5 4. Bd3 e6 5. Bxf5 exf5 6. Qd3 Qc8 7. 0-0 Bd6 8. Nbd2 0-0 9. c4 c6 10. b3 Na6 11. Bb2 Re8 12. Ne5 Ne4 1/2-1/2

[Event "Oberliga Baden 1112"]
[Site "Germany"]
[Date "2012.02.05"]
[Round "6.7"]
[White "Kick, Joachim"]
[Black "Schlager, Thomas"]
[Result "1/2-1/2"]
[WhiteElo "2152"]
[BlackElo "2262"]
[PlyCount "71"]
[EventDate "2011.10.02"]
[EventType "team-tourn"]
[EventRounds "9"]
[EventCountry "GER"]
[SourceTitle "EXT 2013"]
[Source "ChessBase"]
[SourceDate "2012.11.22"]
[SourceVersion "1"]
[SourceVersionDate "2012.11.22"]
[SourceQuality "1"]
[WhiteTeam "Kuppenheim"]
[BlackTeam "Karlsruhe"]
[WhiteTeamCountry "GER"]
[BlackTeamCountry "GER"]

1. Nf3 d5 2. d4 Bf5 3. c4 e6 4. Nc3 c6 5. Qb3 Qb6 6. c5 Qxb3 7. axb3 Na6 8. Bf4 Nf6 9. e3 Nb4 10. Ra4 Nd3+ 11. Bxd3 Bxd3 12. Ne5 Bb5 13. Ra5 a6 14. Nxb5 cxb5 15. Ke2 Nh5 16. Rc1 Nxf4+ 17. exf4 f6 18. c6 bxc6 19. Nd3 Kd7 20. Rca1 Kc7 21. Rxa6 Rxa6 22. Rxa6 Kb7 23. Ra1 Bd6 24. f3 Ra8 25. Rxa8 Kxa8 26. b4 Kb7 27. Nc5+ Bxc5 28. bxc5 Ka6 29. b4 Kb7 30. g4 Kc7 31. h4 Kd7 32. Ke3 Ke7 33. h5 Kf7 34. Kd3 g6 35. h6 g5 36. f5 1/2-1/2